Sistemas penitenciarios y bases para uno aceptable (Record no. 137088)

MARC details
000 -LEADER
campo de control de longitud fija 00710nam a2200181 4500
001 - NÚMERO DE CONTROL
campo de control 137088
003 - IDENTIFICADOR DE NÚMERO DE CONTROL
campo de control ES-MaACL
005 - FECHA Y HORA DE LA ÚLTIMA TRANSACCIÓN
campo de control 20230906195316.0
007 - CAMPO FIJO DE DESCRIPCIÓN FÍSICA--INFORMACIÓN GENERAL
campo de control de longitud fija t|
008 - DATOS DE LONGITUD FIJA--INFORMACIÓN GENERAL
campo de control de longitud fija 070214s1908 sp r ||||1| spa d
100 1# - ENTRADA PRINCIPAL--NOMBRE DE PERSONA
Nombre de persona Salas Luque, Carlos.
9 (RLIN) 101764
245 10 - MENCIÓN DEL TÍTULO
Título Sistemas penitenciarios y bases para uno aceptable
Resto del título : memoria presentada para el grado de Doctor en Derecho /
Mención de responsabilidad, etc. por Carlos Salas Luque.
260 ## - PUBLICACIÓN, DISTRIBUCIÓN, ETC.
Lugar de publicación, distribución, etc. Montilla :
Nombre del editor, distribuidor, etc. [s. n.],
Fecha de publicación, distribución, etc. 1908 (
Fabricante Est. Tip. La Montillana)
300 ## - DESCRIPCIÓN FÍSICA
Extensión 176 h. ;
Dimensiones 17 cm.
500 ## - NOTA GENERAL
Nota general Tesis doctoral, presentada en la Universidad de Madrid, Facultad de Derecho, 1907.
710 2# - ENTRADA AGREGADA--NOMBRE DE ENTIDAD CORPORATIVA
Nombre de entidad corporativa o nombre de jurisdicción como elemento de entrada Universidad Central (Madrid).
Unidad subordinada Facultad de Derecho.
9 (RLIN) 7090
852 ## - LOCALIZACIÓN
Ubicación ES-MaACL
Número de control de estantería T-1124-F-1
Holdings
Estatus retirado Estado de pérdida Estado de daño No para préstamo Colección Biblioteca de origen Biblioteca actual Ubicación en estantería Fecha de adquisición Fuente de adquisición Total de préstamos Signatura topográfica completa Código de barras Visto por última vez Precio de reemplazo Tipo de ítem Koha
        Colección de folletos Biblioteca del Ateneo de Madrid Biblioteca del Ateneo de Madrid Depósito folletos 17/01/2008     T-1124-F-1 1142663 23/02/2023 23/02/2023 Folleto